|
|
|
|
| LEADER |
00000naa2a2200000 4500 |
| 001 |
539423 |
| 005 |
20260203092051.0 |
| 035 |
|
|
|a (RuTPU)RU\TPU\prd\229128
|
| 035 |
|
|
|a RU\TPU\prd\229127
|
| 090 |
|
|
|a 539423
|
| 100 |
|
|
|a 20141224d2006 k||y0rusy50 ba
|
| 101 |
0 |
|
|a eng
|
| 102 |
|
|
|a RU
|
| 200 |
1 |
|
|a The Model of the Electron-Beam Modification of the Composite
|f N. V. Bukrina [et al.]
|
| 320 |
|
|
|a References: p. 231 (2 tit.)
|
| 461 |
|
0 |
|0 (RuTPU)RU\TPU\prd\191
|t Известия вузов. Физика
|f Министерство общего и профессионального образования Российской Федерации ; Томский Госуниверситет
|d 1958-
|
| 463 |
|
0 |
|0 (RuTPU)RU\TPU\prd\77758
|t Т. 49, № 8
|v P. 229-231
|d 2006
|
| 610 |
1 |
|
|a труды учёных ТПУ
|
| 701 |
|
1 |
|a Bukrina
|b N. V.
|
| 701 |
|
1 |
|a Knyazeva
|b A. G.
|c Russian physicist
|c Professor of Tomsk Polytechnic University, doctor of physico-mathematical Sciences
|f 1962-
|g Anna Georgievna
|3 (RuTPU)RU\TPU\pers\32712
|
| 701 |
|
1 |
|a Ovcharenko
|b V. E.
|c specialist in the field of mechanical engineering
|c Professor-consultant of Yurga Institute of Technology, TPU Affiliate, doctor of technical sciences
|f 1945-
|g Vladimir Efimovich
|3 (RuTPU)RU\TPU\pers\32423
|
| 701 |
|
1 |
|a Psakhie
|b S. G.
|c physicist
|c head of laboratory, Advisor to the rector, head of Department, Tomsk Polytechnic University, doctor of physico-mathematical Sciences
|f 1952-
|g Sergey Grigorievich
|3 (RuTPU)RU\TPU\pers\33038
|
| 801 |
|
1 |
|a RU
|b 63413507
|c 20141224
|
| 801 |
|
2 |
|a RU
|b 63413507
|c 20141224
|g RCR
|
| 942 |
|
|
|c BK
|